Fr. Conceicao Rodrigues College of Engineering

Datastructures Using C (Record no. 36083)

MARC details
000 -LEADER
fixed length control field 00390nam a22001577a 4500
003 - CONTROL NUMBER IDENTIFIER
control field OSt
005 - DATE AND TIME OF LATEST TRANSACTION
control field 20240930104601.0
008 - FIXED-LENGTH DATA ELEMENTS--GENERAL INFORMATION
fixed length control field 240930b |||||||| |||| 00| 0 eng d
020 ## - INTERNATIONAL STANDARD BOOK NUMBER
International Standard Book Number 9354977197
040 ## - CATALOGING SOURCE
Transcribing agency
082 ## - DEWEY DECIMAL CLASSIFICATION NUMBER
Edition number 3
Classification number 005.133"C"
Item number THE
245 ## - TITLE STATEMENT
Title Datastructures Using C
Statement of responsibility, etc. Theraja,Reema
Medium English
250 ## - EDITION STATEMENT
Edition statement 3
260 ## - PUBLICATION, DISTRIBUTION, ETC.
Name of publisher, distributor, etc. Oxford
Date of publication, distribution, etc. 2014
942 ## - ADDED ENTRY ELEMENTS (KOHA)
Source of classification or shelving scheme Dewey Decimal Classification
Koha item type BOOK
Edition 3
Call number prefix 005.133"C"
Call number suffix THE
Suppress in OPAC No
Holdings
Withdrawn status Lost status Source of classification or shelving scheme Damaged status Not for loan Collection Home library Current library Date acquired Cost, normal purchase price Inventory number Total Checkouts Total Renewals Full call number Barcode Date last seen Date last checked out Price effective from Koha item type
    Dewey Decimal Classification     Electronics and Computer Science(ECS) Fr. Agnel's C.Rodrigues College of Engineering Fr. Agnel's C.Rodrigues College of Engineering 30/09/2024 725.00 AO/24/09/463 3 1 005.133'C' / THE 26473 13/05/2026 27/02/2026 30/09/2024 BOOK